Countries by Landscape in Asia - Statistics

General Stats
  • This quiz has been taken 15 times
  • The average score is 12 of 22
Answer Stats
Picture Answer % Correct
Japan
100%
China
90%
Oman
80%
Turkmenistan
80%
Vietnam
80%
Philippines
70%
Russia
70%
China
60%
Indonesia
60%
Nepal
60%
Kyrgyzstan
50%
Malaysia
50%
Mongolia
50%
Pakistan
50%
Turkey
50%
Japan
40%
India
30%
India
30%
South Korea
30%
Sri Lanka
30%
Georgia
20%
Iran
10%
No matching quizzes found
Score Distribution
Percent of People with Each Score
Percentile by Number Answered
Your Score History
You have not taken this quiz